000 00582nam a22001817a 4500
005 20251108164054.0
008 250721s1991 xx 000 0 ara d
082 1 4 _a210.7/مفا
100 1 _aعطيه، عطيه محمد
245 1 0 _aمفاهيم أساسية في التربية الإسلامية و الإجتماعية /
264 1 _aعمان :
_bدار الفكر للنشر والتوزيع،
_c1991.
300 _a327ص.
650 1 7 _aالإسلام
650 1 7 _aالتربية الإجتماعية
650 1 7 _aالتدريس
942 _2ddc
_cBK
999 _c2917
_d2917